000 00515nam a2200193Ia 4500
005 20250508153252.0
008 008 250505s9999 xx 000 0 eng d
037 _aTextual
040 _aFEDL
_beng
_cFEDL
041 _aeng
_2eng
084 _a152.753, FRA
_qFEDL
100 _aFraisse Paul
_984618
245 0 _aPsychology of time
260 _aNew York, USA
_bHarper and Row
_c1963
300 _avi,343p
365 _aINR
_b28.45
942 _cTEXL
_h152.753, FRA
999 _c1341636
_d1341636